[Event "AUTO-OPEN-780"]
[Site "http://www.queenalice.com/game.php?id=253783"]
[Date "2007.8.10"]
[Round "1"]
[White "Karrara"]
[Black "dante72"]
[Result "0-1"]
[WhiteElo "1522"]
[BlackElo "1808"]

1. d4 d5 2. e3 e6 3. b3 f5 4. Ba3 Bd6 5. Nf3 Nf6 6. Bxd6 cxd6 7. Ng5 O-O 8. Nc3
a6 9. b4 Ng4 10. f4 Nxe3 11. Qe2 Nc4 12. Qh5 h6 13. Bxc4 dxc4 14. h4 Qf6 15. d5
hxg5 16. hxg5 Qxc3+ 17. Kf2 Qxc2+ 18. Kg1 Qc3 19. g6 Qe3+ 20. Kf1 Qxf4+ 21. Ke2
Qg4+ 22. Ke1 Qxh5 23. Rxh5 Rf6 24. Rg5 Nd7 25. Kd2 Nf8 26. Rh1 Rxg6 27. dxe6
Bxe6 28. Rgh5 Rxg2+ 29. Kc3 Rxa2 30. Rh8+ Kf7 31. R1h7 Nxh7 32. Rxa8 b5 33. Ra7+
Kf6 34. Kd4 Ng5 35. Rd7 Ne4 36. Rd8 Ra3 37. Rf8+ Bf7 38. Rd8 Rd3# 0-1

[Event "AUTO-OPEN-780"]
[Site "http://www.queenalice.com/game.php?id=253784"]
[Date "2007.8.10"]
[Round "1"]
[White "dante72"]
[Black "Karrara"]
[Result "1-0"]
[WhiteElo "1903"]
[BlackElo "1552"]

1. d4 d5 2. e3 e6 3. f4 b6 4. Nf3 Ba6 5. Bd3 Nf6 6. O-O Bxd3 7. cxd3 Nc6 8. a3
Ng4 9. h3 Nh6 10. Qa4 Qd7 11. b4 Nf5 12. Bd2 Nb8 13. Qc2 b5 14. Ne5 Qe7 15. Nf3
c6 16. Ne5 f6 17. Nf3 g5 18. fxg5 Ng3 19. gxf6 Qxf6 20. Rf2 h5 21. Ne5 Qh4 22.
Nxc6 Nh1 23. Rf4 Qg5 24. Kxh1 Be7 25. Nxb8 Rxb8 26. e4 e5 27. Rf8+ Rxf8 28. Bxg5
Bxg5 29. Qc6+ Ke7 30. Nc3 Rbc8 31. Nxd5+ Kf7 32. Rf1+ Kg7 33. Qd7+ Kh8 34. Rxf8+
Rxf8 35. Kg1 a6 36. Qe6 exd4 37. Qg6 Be3+ 38. Kh2 Rf1 39. Qxh5+ Kg7 40. Nxe3
dxe3 41. Qg5+ Kf8 42. Qxe3 Ra1 43. d4 1-0

[Event "AUTO-INT-571"]
[Site "http://www.queenalice.com/game.php?id=254101"]
[Date "2007.8.10"]
[Round "1"]
[White "terry52"]
[Black "Karrara"]
[Result "1-0"]
[WhiteElo "1981"]
[BlackElo "1547"]

1. Nf3 d5 2. d4 e6 3. c4 Nc6 4. Nc3 dxc4 5. e3 Na5 6. Bxc4 Nxc4 7. Qa4+ c6 8.
Qxc4 Nf6 9. O-O Bd6 10. h3 Nd5 11. e4 Nxc3 12. bxc3 O-O 13. e5 Be7 14. Be3 a5
15. Rfd1 a4 16. Qd3 Bh4 17. Qe4 Be7 18. c4 f5 19. exf6 Bxf6 20. Rab1 Ra5 21. Nh2
Bg5 22. Bxg5 Qxg5 23. Nf3 Qf6 24. Rd2 Rf5 25. Rbd1 b5 26. Qxc6 bxc4 27. Qxc4 Bb7
28. Rd3 Bxf3 29. Rxf3 Rxf3 30. gxf3 Qxf3 31. Qxe6+ Rf7 32. Rd2 h5 33. Re2 Kh7
34. Qe4+ Rf5 35. Qxf3 Rxf3 36. Re3 Rf4 37. Rd3 g5 38. d5 g4 39. d6 gxh3 40. d7
Rg4+ 41. Kh2 Rg2+ 42. Kxh3 Rxf2 43. d8=Q Kg6 44. Rd6+ Kf7 45. Qc7+ Kg8 46. Rg6+
Kf8 47. Qd6+ Kf7 48. Qe6+ Kf8 49. Rg8# 1-0

[Event "AUTO-INT-571"]
[Site "http://www.queenalice.com/game.php?id=254102"]
[Date "2007.8.10"]
[Round "1"]
[White "Karrara"]
[Black "terry52"]
[Result "0-1"]
[WhiteElo "1473"]
[BlackElo "1870"]

1. d4 d5 2. e3 Nf6 3. c4 e6 4. Nf3 c6 5. cxd5 exd5 6. a4 Bg4 7. Qb3 Qc7 8. Ne5
Be6 9. Be2 Bd6 10. O-O O-O 11. Nd2 Nbd7 12. Ndf3 Rab8 13. Nxd7 Qxd7 14. Ne5 Qc7
15. Bd2 Bxe5 16. dxe5 Qxe5 17. Bc3 d4 18. Bxd4 Qxd4 19. Qxe6 Qxb2 20. Qc4 Rfd8
21. Ra2 Qe5 22. h3 Qd5 23. Qc2 Ne4 24. Rd1 Qe5 25. Bf3 Nf6 26. Rxd8+ Rxd8 27.
Ra1 Qxa1+ 28. Kh2 Qe5+ 29. g3 h5 30. h4 Ng4+ 31. Kh3 Qe6 32. e4 Ne3+ 0-1

[Event "AUTO-OPEN-781"]
[Site "http://www.queenalice.com/game.php?id=254193"]
[Date "2007.8.11"]
[Round "1"]
[White "CHUVARJ"]
[Black "Karrara"]
[Result "0-1"]
[WhiteElo "1160"]
[BlackElo "1550"]

1. e4 d5 2. exd5 Qxd5 3. Nc3 Qe5+ 4. Nce2 g6 5. c4 Nf6 6. d3 Ng4 7. Qa4+ Bd7 8.
Qb3 Qf5 9. Bf4 e5 10. Bc1 Qxf2+ 11. Kd2 Qxf1 12. Qd1 Qxg2 13. h3 Qxh1 14. hxg4
Bxg4 15. Qa4+ c6 16. Qa5 Bxe2 17. Qc7 c5 18. Nxe2 Bh6+ 19. Kc2 O-O 20. Qxc5 Na6
21. Qxe5 Nb4+ 22. Kb3 Nxd3 23. Bxh6 Qxh6 24. Qc7 Qd2 25. Qxb7 Qxb2+ 26. Ka4 Qxb7
27. Rd1 Nb2+ 28. Ka3 Nxd1 29. Nd4 Qb2+ 30. Ka4 Qxd4 31. Kb4 Qc3+ 32. Kc5 Rfd8
33. a4 Nb2 34. Kc6 Qxc4+ 35. Kb7 Qc8# 0-1

[Event "AUTO-OPEN-781"]
[Site "http://www.queenalice.com/game.php?id=254194"]
[Date "2007.8.11"]
[Round "1"]
[White "Karrara"]
[Black "CHUVARJ"]
[Result "0-1"]
[WhiteElo "1547"]
[BlackElo "1178"]

1. d4 b6 2. e3 Nf6 3. Bc4 c5 4. Nf3 cxd4 5. Ne5 dxe3 6. Bxe3 e6 7. c3 Ne4 8. Nd2
f6 9. Qf3 Ng5 10. Qxa8 Bd6 11. Ng4 h6 12. Qxa7 Nc6 13. Bxb6 Nxa7 14. Bxd8 Kxd8
15. Ne4 Nxe4 16. O-O Nd2 17. Ne3 Bf4 18. Bd3 Bb7 19. Rfd1 Nf3+ 20. gxf3 Bxf3 21.
Re1 f5 22. Be2 Bd5 23. Nxd5 exd5 24. Bh5 Bd2 25. Re5 g6 26. Bxg6 f4 27. Rxd5 Be3
28. fxe3 Re8 29. Bxe8 Kxe8 30. Rad1 fxe3 31. Rxd7 e2 32. Rd8+ Ke7 33. R1d7+ Ke6
34. Kf2 e1=Q+ 35. Kxe1 Nc6 36. Rd6+ Ke7 37. R8d7+ Ke8 38. Rxc6 Kxd7 39. Rxh6 Kc7
40. h4 Kd7 41. h5 Ke7 42. b4 Kf7 43. b5 Kg7 44. Rg6+ Kf7 0-1

[Event "QA-ANNIV-03"]
[Site "http://www.queenalice.com/game.php?id=270072"]
[Date "2007.9.11"]
[Round "3"]
[White "Enrico"]
[Black "Karrara"]
[Result "1-0"]
[WhiteElo "1859"]
[BlackElo "1551"]

1. e4 d5 2. exd5 Nf6 3. c4 Qd6 4. Nf3 Qc5 5. Nc3 Ng4 6. Ne4 Qb6 7. h3 Qd4 8.
Nxd4 f5 9. Nc5 e5 10. Nb5 Bxc5 11. Nxc7+ Kd7 12. Nxa8 Nxf2 13. Qa4+ Kd6 14. Rh2
b5 15. Qxb5 Bb7 16. Qxb7 Nd7 17. Nc7 Rb8 18. Nb5+ Ke7 19. d6+ Kf7 20. Qxd7+ Kf6
21. Qe7+ Kg6 22. Qxe5 Nd3+ 23. Bxd3 1-0